Revista Economía y Sociedad /
Saved in:
| Corporate Author: | |
|---|---|
| Format: | Book |
| Language: | Spanish |
| Published: |
San José, Costa Rica:
UNA,
1996-
|
| Subjects: | |
| Online Access: | texto completo desde el sitio de la revista |
| Tags: |
Add Tag
No Tags, Be the first to tag this record!
|
MARC
| LEADER | 00000nam a22000007a 4500 | ||
|---|---|---|---|
| 003 | cru CIDCACS/IIS | ||
| 005 | 20190227132929.0 | ||
| 007 | ta | ||
| 008 | 190222s1996 cr |||||r||||||0| ||spa|d | ||
| 999 | |c 42207 |d 42207 | ||
| 022 | |a 14091070 | ||
| 040 | |c cru CIDCACS/IIS | ||
| 090 | |a REV1300 | ||
| 110 | 1 | |9 840 |a Universidad Nacional de Costa Rica | |
| 245 | 1 | |a Revista Economía y Sociedad / |c Universidad Nacional. Facultad de Ciencias Sociales. Escuela de Economía | |
| 260 | |a San José, Costa Rica: |b UNA, |c 1996- | ||
| 270 | |a Escuela de Economía, Universidad Nacional |e apartado 86-3000 Heredia |d Costa Rica | ||
| 500 | |a EXISTENCIAS : 1996 1 (1-2) 1997 1 (3-5) 1998 (6-8) 1999 (9-11) 2000 (12-14) 2001 (15-16) 2002 (18) 2004 (24) | ||
| 650 | 4 | |9 2655 |a POLITICA ECONOMICA | |
| 650 | 0 | |9 2869 |a REFORMA CONSTITUCIONAL | |
| 650 | 4 | |9 3253 |a POLITICA GUBERNAMENTAL | |
| 650 | 0 | |9 242 |a GASTOS PUBLICOS | |
| 650 | 0 | |9 5175 |a POLITICA FISCAL | |
| 651 | 0 | |9 32 |a COSTA RICA | |
| 856 | |u http://www.revistas.una.ac.cr/index.php/economia |y texto completo desde el sitio de la revista | ||
| 942 | |2 ddc |c PP | ||
